[Event "EU-ch U20"]
[Site "Aviles"]
[Date "2000.08.17"]
[Round "2"]
[White "Jenni, Florian"]
[Black "Perez Candelario, Manuel"]
[Result "1-0"]
[WhiteElo "2440"]
[BlackElo "2300"]
[EventDate "2000.08.18"]
[PlyCount "67"]

1.e4 c5 2.Nf3 Nc6 3.c3 Nf6 4.e5 Nd5 5.Bc4 e6 6.O-O d6 7.d4 cxd4 8.cxd4 Be7
9.Qe2 O-O 10.Re1 Na5 11.Bxd5 exd5 12.Bf4 Be6 13.Nc3 Qb6 14.Ng5 dxe5 15.
dxe5 d4 16.Nce4 Bc4 17.Qf3 h6 18.Nh3 Rac8 19.b3 Bd5 20.Nf6+ Bxf6 21.Qxd5 
Rfd8 22.Qe4 Be7 23.Bd2 Nc6 24.e6 fxe6 25.Qxe6+ Kh7 26.Bxh6 Bf6 27.Qf5+ Kg8
28.Bxg7 Kxg7 29.Re6 Rf8 30.Nf4 Ne7 31.Qg4+ Kh7 32.Rxb6 axb6 33.Re1 d3 34.
Nxd3 1-0

[Event "EU-ch U20"]
[Site "Aviles"]
[Date "2000.08.17"]
[Round "2"]
[White "Rigo, Zsolt"]
[Black "Iliushin, Alexei"]
[Result "1-0"]
[WhiteElo "2224"]
[BlackElo "2509"]
[EventDate "2000.08.18"]
[PlyCount "99"]

1.e4 e6 2.d4 d5 3.Nd2 Nf6 4.e5 Nfd7 5.f4 c5 6.c3 Nc6 7.Ndf3 cxd4 8.cxd4 
Qb6 9.g3 f6 10.Bh3 Bb4+ 11.Kf1 O-O 12.Kg2 fxe5 13.fxe5 Ndxe5 14.dxe5 Nxe5 
15.Qe2 Nc4 16.b3 Bc3 17.Rb1 e5 18.Qd3 Qa5 19.bxc4 e4 20.Qxd5+ Qxd5 21.cxd5
exf3+ 22.Nxf3 Bxh3+ 23.Kxh3 Rxf3 24.Rxb7 Bf6 25.Rd1 Rf2 26.Rd2 Rxd2 27.
Bxd2 Rd8 28.Rb5 Bd4 29.Bf4 Rd7 30.Kg4 Kf7 31.Kf3 Bb6 32.g4 h6 33.a4 Bd8 
34.Ke4 Re7+ 35.Kd3 Bc7 36.Bxc7 Rxc7 37.Kd4 Kf6 38.Rc5 Rb7 39.Rc6+ Kg5 40.
d6 Kxg4 41.Rc7 Rb2 42.Ke5 Re2+ 43.Kd5 Rd2+ 44.Ke6 Re2+ 45.Kf7 Rxh2 46.Rc4+
Kf5 47.Rd4 Rb2 48.d7 Rb7 49.Kf8 Rb8+ 50.Kxg7 1-0

[Event "EU-ch U20"]
[Site "Aviles"]
[Date "2000.08.17"]
[Round "2"]
[White "Poliakov, Dmitry"]
[Black "Sedlak, Nikola"]
[Result "1/2-1/2"]
[WhiteElo "2262"]
[BlackElo "2423"]
[EventDate "2000.08.18"]
[PlyCount "65"]

1.d4 d5 2.c4 c6 3.cxd5 cxd5 4.Nc3 Nf6 5.Nf3 Nc6 6.a3 Bf5 7.Bf4 e6 8.e3 Bd6
9.Bxd6 Qxd6 10.Bd3 Bg4 11.h3 Bh5 12.O-O O-O 13.Be2 Rfc8 14.Rc1 Nd7 15.Na4 
Na5 16.Nc5 b6 17.Nxd7 Qxd7 18.Ne5 Bxe2 19.Qxe2 Qb7 20.b4 Nc6 21.Nf3 a6 22.
Rc2 Ne7 23.Rfc1 Rxc2 24.Rxc2 Rc8 25.Ne5 f6 26.Nd3 Rxc2 27.Qxc2 Qc8 28.
Qxc8+ Nxc8 29.a4 Nd6 30.a5 bxa5 31.bxa5 Nb7 32.Nb4 Nxa5 33.Nxa6 1/2-1/2

[Event "EU-ch U20"]
[Site "Aviles"]
[Date "2000.08.17"]
[Round "2"]
[White "De Vreugt, Dennis"]
[Black "Kobler, Mario"]
[Result "1-0"]
[WhiteElo "2511"]
[BlackElo "2166"]
[EventDate "2000.08.18"]
[PlyCount "69"]

1.e4 c5 2.Nf3 Nc6 3.Bb5 g6 4.O-O Bg7 5.Re1 e5 6.Bxc6 dxc6 7.h3 h6 8.d3 Be6
9.Be3 b6 10.Nc3 Ne7 11.Qd2 Qd7 12.a3 Rd8 13.Rad1 Nc8 14.b4 cxb4 15.axb4 g5
16.Ne2 g4 17.hxg4 Bxg4 18.Nh2 h5 19.c3 h4 20.d4 Qe6 21.d5 Qg6 22.Nxg4 Qxg4
23.f3 Qg6 24.c4 Rg8 25.Nc3 cxd5 26.Nxd5 Nd6 27.Qc2 Bh6 28.Bxh6 Qxh6 29.c5 
bxc5 30.bxc5 Nb5 31.c6 Nd4 32.Rxd4 exd4 33.c7 Rc8 34.e5 Rg3 35.Qc5 1-0

[Event "EU-ch U20"]
[Site "Aviles"]
[Date "2000.08.17"]
[Round "2"]
[White "Bursteinas, Romanas"]
[Black "Fluvia Poyatos, Jordi"]
[Result "1-0"]
[WhiteElo "2391"]
[BlackElo "2261"]
[EventDate "2000.08.18"]
[PlyCount "89"]

1.c4 Nf6 2.g3 c6 3.Nf3 d5 4.b3 Bg4 5.Bg2 e6 6.O-O Be7 7.d3 Nbd7 8.Nbd2 O-O
9.Bb2 a5 10.a3 Qb6 11.Qc2 Rfe8 12.Rac1 e5 13.cxd5 cxd5 14.e4 dxe4 15.dxe4 
Bxf3 16.Bxf3 Bf8 17.Nc4 Qe6 18.Qe2 b5 19.Nd2 Rab8 20.Rc2 Nc5 21.Qe3 Red8 
22.Be2 Be7 23.Qc3 Nfd7 24.Qxa5 Nxb3 25.Nxb3 Qxb3 26.Rd2 b4 27.a4 Nc5 28.
Bd1 Qe6 29.Rxd8+ Rxd8 30.Qxb4 Nd3 31.Qb5 Nxb2 32.Qxb2 Bc5 33.Bb3 Qb6 34.
Qa2 Qa7 35.Bd5 g6 36.Rb1 Rd7 37.a5 Kg7 38.a6 Bd4 39.Kg2 Rc7 40.Rb3 Bc5 41.
Rf3 f6 42.Qa4 Bf8 43.Qb5 Qc5 44.Qxc5 Bxc5 45.Rc3 1-0

[Event "EU-ch U20"]
[Site "Aviles"]
[Date "2000.08.17"]
[Round "2"]
[White "Parkin, James"]
[Black "Halkias, Stelios"]
[Result "0-1"]
[WhiteElo "2140"]
[BlackElo "2502"]
[EventDate "2000.08.18"]
[PlyCount "76"]

1.e4 c5 2.Nf3 Nc6 3.d4 cxd4 4.Nxd4 Nf6 5.Nc3 e5 6.Ndb5 d6 7.Nd5 Nxd5 8.
exd5 Nb8 9.c4 a6 10.Nc3 Be7 11.Be2 O-O 12.O-O f5 13.f4 Nd7 14.Qc2 Bf6 15.
Kh1 g6 16.Rb1 Re8 17.Bd3 Qc7 18.b4 e4 19.Be2 b5 20.Bb2 bxc4 21.Na4 Bb7 22.
Rfd1 Rac8 23.Rbc1 e3 24.g3 Qd8 25.Bxf6 Nxf6 26.Nc3 Qb6 27.a4 Re7 28.Rb1 
Qa7 29.Bf3 e2 30.Bxe2 Rce8 31.Bf3 Re3 32.Kg2 Ng4 33.Bxg4 fxg4 34.Qd2 Bc8 
35.Rf1 Bf5 36.Qb2 Bd3 37.Rf2 Qd4 38.h4 Qxc3 0-1

[Event "EU-ch U20"]
[Site "Aviles"]
[Date "2000.08.17"]
[Round "2"]
[White "Cheparinov, Ivan"]
[Black "Reinaldo Castineira, Roi"]
[Result "1-0"]
[WhiteElo "2189"]
[BlackElo "2416"]
[EventDate "2000.08.18"]
[PlyCount "63"]

1.d4 e6 2.c4 c5 3.d5 exd5 4.cxd5 d6 5.Nc3 g6 6.Nf3 Bg7 7.Bf4 Nf6 8.h3 O-O 
9.e3 a6 10.a4 Nh5 11.Bg5 Qc7 12.Be2 h6 13.Bh4 f5 14.Nd2 Nf6 15.Nc4 Nbd7 
16.Bg3 Ne8 17.Qb3 b6 18.O-O Rb8 19.Bd3 Ndf6 20.Ne5 Kh7 21.Nc6 Ra8 22.e4 
fxe4 23.Bxe4 Nxe4 24.Nxe4 Bb7 25.Rad1 Bxc6 26.dxc6 Qxc6 27.Nxd6 Bd4 28.
Rfe1 Nxd6 29.Re7+ Bg7 30.Rxd6 Qc8 31.Rdd7 Rg8 32.Be5 1-0

[Event "EU-ch U20"]
[Site "Aviles"]
[Date "2000.08.17"]
[Round "2"]
[White "Guseinov, Gadir"]
[Black "Tomic, Bosko"]
[Result "1-0"]
[WhiteElo "2421"]
[BlackElo "2151"]
[EventDate "2000.08.18"]
[PlyCount "77"]

1.e4 c5 2.Nf3 d6 3.d4 cxd4 4.Nxd4 Nf6 5.Nc3 g6 6.Be3 Bg7 7.f3 O-O 8.Qd2 
Nc6 9.Bc4 Bd7 10.O-O-O Rc8 11.Bb3 Ne5 12.Kb1 Nc4 13.Bxc4 Rxc4 14.g4 Qb8 
15.h4 h5 16.Nd5 Nxd5 17.exd5 hxg4 18.h5 Bf5 19.Nxf5 gxf5 20.Bh6 Bf6 21.
Bxf8 Qxf8 22.Rdg1 Rd4 23.Qa5 Qh6 24.c3 b6 25.Qxa7 Rd2 26.Qxb6 Qf4 27.fxg4 
fxg4 28.Qb5 Kh7 29.Rd1 Qe4+ 30.Ka1 g3 31.Qb3 Bg5 32.Rhg1 g2 33.Rxd2 Bxd2 
34.Qd1 Be3 35.Qe2 f5 36.Rxg2 Qxd5 37.a3 Qe5 38.Qc4 d5 39.Qc8 1-0

[Event "EU-ch U20"]
[Site "Aviles"]
[Date "2000.08.17"]
[Round "2"]
[White "Horvath, Adam"]
[Black "Moreno Tejera, Emilio"]
[Result "1/2-1/2"]
[WhiteElo "2425"]
[BlackElo "2139"]
[EventDate "2000.08.18"]
[PlyCount "46"]

1.e4 e6 2.d4 d5 3.Nc3 dxe4 4.Nxe4 Nd7 5.Nf3 Ngf6 6.Nxf6+ Nxf6 7.Bg5 c5 8.
Bd3 Qa5+ 9.c3 cxd4 10.Bxf6 gxf6 11.Nxd4 Qe5+ 12.Kf1 Bc5 13.Bb5+ Ke7 14.Qd3
Qd6 15.Rd1 e5 16.b4 Bxd4 17.cxd4 Rd8 18.dxe5 fxe5 19.Ke2 Qxd3+ 20.Bxd3 Be6
21.a3 f5 22.Rc1 Rac8 23.Bb1 Kf6 1/2-1/2

[Event "EU-ch U20"]
[Site "Aviles"]
[Date "2000.08.17"]
[Round "2"]
[White "Smirnov, Pavel"]
[Black "Bruned Carasco, Yvain"]
[Result "1-0"]
[WhiteElo "2487"]
[BlackElo "2012"]
[EventDate "2000.08.18"]
[PlyCount "51"]

1.e4 d5 2.exd5 Nf6 3.d4 Bg4 4.Bb5+ Nbd7 5.f3 Bf5 6.c4 e6 7.dxe6 Bxe6 8.c5 
c6 9.Bd3 Nd5 10.Ne2 Be7 11.O-O O-O 12.Nbc3 b5 13.f4 f5 14.Nxd5 Bxd5 15.Nc3
Nb8 16.Re1 Bf6 17.Be3 g6 18.a4 b4 19.Nxd5 Qxd5 20.Rc1 Qd7 21.Bc4+ Kg7 22.
d5 cxd5 23.Qxd5 Qc6 24.Bf2 a5 25.Re6 Qxd5 26.Bxd5 1-0

[Event "EU-ch U20"]
[Site "Aviles"]
[Date "2000.08.17"]
[Round "2"]
[White "Bucher, Denis"]
[Black "Magalhaes, Pedro"]
[Result "1-0"]
[WhiteElo "2350"]
[BlackElo "2131"]
[EventDate "2000.08.18"]
[PlyCount "51"]

1.e4 c5 2.Nf3 d6 3.d4 cxd4 4.Nxd4 Nf6 5.Nc3 g6 6.Be3 Bg7 7.f3 O-O 8.Qd2 
Nc6 9.Bc4 Bd7 10.O-O-O Rc8 11.Bb3 Ne5 12.Kb1 Nc4 13.Bxc4 Rxc4 14.g4 a6 15.
h4 b5 16.h5 b4 17.Nd5 e6 18.Nxb4 a5 19.Nd3 Nxe4 20.fxe4 Bxd4 21.Bxd4 Rxd4 
22.hxg6 fxg6 23.Rxh7 Rxd3 24.Rh8+ Kg7 25.Qh6+ Kf6 26.Rxf8+ 1-0

[Event "EU-ch U20"]
[Site "Aviles"]
[Date "2000.08.17"]
[Round "2"]
[White "Navarro Cia, Miguel"]
[Black "Suarez Real, Alberto"]
[Result "1-0"]
[WhiteElo "2307"]
[BlackElo "2116"]
[EventDate "2000.08.18"]
[PlyCount "95"]

1.e4 c5 2.Nf3 Nc6 3.d4 cxd4 4.Nxd4 Nf6 5.Nc3 e5 6.Ndb5 d6 7.Bg5 a6 8.Na3 
b5 9.Bxf6 gxf6 10.Nd5 f5 11.g3 fxe4 12.Bg2 Be6 13.Bxe4 Rc8 14.O-O Bg7 15.
Qh5 Ne7 16.Nxe7 Qxe7 17.Rad1 Rc5 18.b4 Rc3 19.Nb1 Rc4 20.Nd2 Rxb4 21.c3 
Ra4 22.Bc6+ Bd7 23.Ne4 Bxc6 24.Nxd6+ Kf8 25.Nf5 Qc7 26.Rd2 Be8 27.Rfd1 Rc4
28.Nd6 Bc6 29.Nxc4 bxc4 30.Qh4 Be8 31.Rd8 h5 32.Qe4 Rh6 33.Qa8 Qc6 34.
Rxe8+ Qxe8 35.Rd8 Re6 36.Rxe8+ Rxe8 37.Qxa6 e4 38.Qxc4 e3 39.Qc5+ Kg8 40.
fxe3 Re5 41.Qa7 Rb5 42.c4 Rb1+ 43.Kf2 Rb2+ 44.Kf3 Rxh2 45.c5 Rc2 46.Qa8+ 
Bf8 47.c6 Kg7 48.a4 1-0

[Event "EU-ch U20"]
[Site "Aviles"]
[Date "2000.08.17"]
[Round "2"]
[White "Srebrnic, Marko"]
[Black "Colin, Vincent"]
[Result "0-1"]
[WhiteElo "2096"]
[BlackElo "2294"]
[EventDate "2000.08.18"]
[PlyCount "86"]

1.e4 c5 2.Nf3 d6 3.d4 cxd4 4.Nxd4 Nf6 5.Nc3 g6 6.Be3 Bg7 7.f3 Nc6 8.Qd2 
O-O 9.g4 Be6 10.Nxe6 fxe6 11.O-O-O Ne5 12.Be2 Rc8 13.Nb5 Nc4 14.Bxc4 Rxc4 
15.Nd4 Qc8 16.c3 Ne8 17.Rdf1 d5 18.exd5 exd5 19.Kb1 Nd6 20.Bh6 Bxh6 21.
Qxh6 e5 22.Nb3 Rcf4 23.Qh3 Nc4 24.Qg3 a5 25.Ka1 a4 26.Nc1 a3 27.Nd3 axb2+ 
28.Nxb2 Nd2 29.Rc1 Nxf3 30.Rhf1 Rxg4 31.Qh3 e4 32.Rcd1 Rg5 33.Qxc8 Rxc8 
34.Na4 Nxh2 35.Rf2 Nf3 36.Nb6 Rd8 37.c4 d4 38.Nd5 Kg7 39.Nf4 Re8 40.Rb2 
Re7 41.Rb6 Rge5 42.Nd5 Rf7 43.Rdb1 e3 0-1

[Event "EU-ch U20"]
[Site "Aviles"]
[Date "2000.08.17"]
[Round "2"]
[White "Atakisi, Umut"]
[Black "Gomez Gomez, Salvador"]
[Result "0-1"]
[WhiteElo "2258"]
[BlackElo "2095"]
[EventDate "2000.08.18"]
[PlyCount "112"]

1.e4 e6 2.d4 d5 3.Nc3 Bb4 4.e5 c5 5.a3 Bxc3+ 6.bxc3 Ne7 7.Qg4 Qc7 8.Qxg7 
Rg8 9.Qxh7 cxd4 10.Ne2 dxc3 11.f4 b6 12.Qd3 Ba6 13.Qxc3 Nbc6 14.Nd4 Bxf1 
15.Kxf1 Qb7 16.Nb5 Nf5 17.a4 a6 18.Nd6+ Nxd6 19.exd6 Na5 20.Qc7 Qxc7 21.
dxc7 Rc8 22.Be3 Nc4 23.Bd4 Rxc7 24.Kf2 f6 25.Rhe1 Kf7 26.Rab1 Rc6 27.Rb3 
Rg7 28.g3 Rg8 29.Re2 Re8 30.Kg2 e5 31.fxe5 fxe5 32.Rf3+ Rf6 33.Rxf6+ Kxf6 
34.h4 Rc8 35.Bg1 d4 36.g4 Na3 37.Bh2 Nc4 38.Bg1 b5 39.axb5 axb5 40.Kg3 Nd6
41.Bh2 Rc3+ 42.Kg2 Nc4 43.h5 Ne3+ 44.Kf3 Nf1+ 45.Ke4 Nxh2 46.Rxh2 Ke6 47.
Re2 Rg3 48.Re1 Rxg4+ 49.Kd3 Rh4 50.c3 Rh3+ 51.Kd2 dxc3+ 52.Kc2 Kd5 53.h6 
Kd4 54.Rd1+ Kc4 55.Rd6 Rh2+ 56.Kc1 Kb3 0-1

[Event "EU-ch U20"]
[Site "Aviles"]
[Date "2000.08.17"]
[Round "2"]
[White "Bruned Carasco, Boris"]
[Black "Castaldo, Folco"]
[Result "0-1"]
[WhiteElo "2004"]
[BlackElo "2227"]
[EventDate "2000.08.18"]
[PlyCount "56"]

1.e4 c5 2.Nf3 e6 3.d4 cxd4 4.Nxd4 Nc6 5.c4 Nf6 6.Nc3 Bb4 7.Nxc6 bxc6 8.Bd3
e5 9.O-O Bc5 10.Bd2 d6 11.Na4 Bd4 12.Qc2 O-O 13.Bc3 c5 14.Bxd4 cxd4 15.c5 
Nh5 16.c6 Nf4 17.Bc4 Bh3 18.c7 Qg5 19.g3 Ne6 20.Ba6 Bxf1 21.Rxf1 Rac8 22.
Bxc8 Rxc8 23.Qc6 Qe7 24.f4 exf4 25.gxf4 Nxf4 26.Rxf4 Qg5+ 27.Kh1 Qxf4 28.
Qd7 Qf1# 0-1

[Event "EU-ch U20"]
[Site "Aviles"]
[Date "2000.08.18"]
[Round "3"]
[White "Moiseenko, Olexandr"]
[Black "Stryjecki, Marek"]
[Result "1/2-1/2"]
[WhiteElo "2582"]
[BlackElo "2405"]
[EventDate "2000.08.18"]
[PlyCount "115"]

1.d4 Nf6 2.c4 g6 3.Nc3 Bg7 4.e4 d6 5.f3 O-O 6.Be3 a6 7.Qd2 Nbd7 8.O-O-O b5
9.e5 Ne8 10.h4 c5 11.exd6 Nxd6 12.dxc5 Nf5 13.c6 Nxe3 14.Qxe3 Qb6 15.Qxb6 
Nxb6 16.c5 Nc4 17.Na4 bxa4 18.Bxc4 Bf5 19.g4 Bh6+ 20.g5 Bg7 21.Ne2 Rac8 
22.Ng3 Rxc6 23.Nxf5 gxf5 24.b3 Rxc5 25.Rd7 e6 26.Rhd1 Be5 27.Ra7 axb3 28.
axb3 Kg7 29.Rxa6 Bg3 30.h5 Bf4+ 31.Kc2 Bxg5 32.Ra7 Rd8 33.Rxd8 Bxd8 34.Kd3
Rc7 35.Rxc7 Bxc7 36.Bb5 Kf6 37.Be8 h6 38.b4 Ke7 39.Bc6 Kd6 40.Be8 Ke7 41.
Bc6 Kd6 42.Be8 f6 43.Bf7 Kd5 44.Bg8 Bd6 45.b5 Bc5 46.Bf7 Ba7 47.Bg8 Bb6 
48.Bf7 Bg1 49.Bg8 Ke5 50.Bf7 Ba7 51.Bg8 Bc5 52.Bf7 Bg1 53.Bg8 f4 54.Ke2 
Kf5 55.Bf7 Bb6 56.Kf1 e5 57.Bg6+ Kg5 58.Kg2 1/2-1/2

[Event "EU-ch U20"]
[Site "Aviles"]
[Date "2000.08.18"]
[Round "3"]
[White "Blehm, Pawel"]
[Black "Mah, Karl"]
[Result "1/2-1/2"]
[WhiteElo "2518"]
[BlackElo "2411"]
[EventDate "2000.08.18"]
[PlyCount "61"]

1.e4 e6 2.d4 d5 3.Nd2 Nf6 4.e5 Nfd7 5.Bd3 c5 6.c3 b6 7.Ne2 Ba6 8.Bxa6 Nxa6
9.Nf3 b5 10.O-O Nb6 11.a4 bxa4 12.Rxa4 Nb8 13.Ra1 c4 14.Ng3 Be7 15.Ne1 Nc6
16.Qg4 g6 17.Bh6 Bf8 18.Bg5 Be7 19.Bh6 Bf8 20.Bxf8 Rxf8 21.Qd1 Qc7 22.b3 
cxb3 23.Qxb3 Rh8 24.Qa3 Nc4 25.Qc1 h6 26.Nd3 Kf8 27.Qf4 Qe7 28.Ra6 Nb8 29.
Ra2 Kg7 30.Nb2 Nxb2 31.Rxb2 1/2-1/2

[Event "EU-ch U20"]
[Site "Aviles"]
[Date "2000.08.18"]
[Round "3"]
[White "Hunt, Adam"]
[Black "Smirnov, Pavel"]
[Result "1-0"]
[WhiteElo "2392"]
[BlackElo "2487"]
[EventDate "2000.08.18"]
[PlyCount "139"]

1.e4 c5 2.Nf3 Nc6 3.d4 cxd4 4.Nxd4 Nf6 5.Nc3 e5 6.Ndb5 d6 7.Bg5 a6 8.Na3 
b5 9.Bxf6 gxf6 10.Nd5 f5 11.c3 Bg7 12.exf5 Bxf5 13.Nc2 Be6 14.g3 O-O 15.
Bg2 a5 16.O-O f5 17.Qe2 Rb8 18.Rfd1 e4 19.Rd2 Ne5 20.b3 b4 21.Nf4 Bf7 22.
cxb4 Nf3+ 23.Bxf3 exf3 24.Qxf3 Bxa1 25.Nxa1 axb4 26.Nc2 Qf6 27.Ne3 Kh8 28.
Kg2 Rb5 29.Qc6 Ra5 30.Qb6 Qe5 31.Nd3 Bd5+ 32.f3 Qc3 33.Qxb4 Qxb4 34.Nxb4 
Ba8 35.Nbd5 Bc6 36.Kf2 Rfa8 37.Nb4 Bb7 38.a4 Rc5 39.Rxd6 Rc3 40.Rd3 Rac8 
41.Ke2 Rc1 42.Nxf5 Rb8 43.Ne3 Kg7 44.Kd2 Rh1 45.Kc3 Rxh2 46.a5 Rf2 47.f4 
Be4 48.Rd7+ Kg6 49.Nd3 Rc8+ 50.Kd4 Bxd3 51.Kxd3 Rf3 52.f5+ Kh6 53.Ke4 Rxg3
54.Kf4 Rcg8 55.a6 Rg1 56.b4 Rb1 57.Rb7 Ra1 58.Ng4+ Rxg4+ 59.Kxg4 Rxa6 60.
Kf4 Ra1 61.b5 Rf1+ 62.Ke5 Kg5 63.Rg7+ Kh6 64.Kf6 Rb1 65.Rb7 Rb2 66.Rb6 Rf2
67.Rc6 Kh5 68.b6 h6 69.b7 Rb2 70.Rc7 1-0

[Event "EU-ch U20"]
[Site "Aviles"]
[Date "2000.08.18"]
[Round "3"]
[White "Kallio, Heikki"]
[Black "Bursteinas, Romanas"]
[Result "1/2-1/2"]
[WhiteElo "2451"]
[BlackElo "2391"]
[EventDate "2000.08.18"]
[PlyCount "25"]

1.d4 Nf6 2.Nf3 e6 3.Bg5 h6 4.Bh4 c5 5.e3 Be7 6.c3 Nc6 7.Nbd2 b6 8.Bd3 O-O 
9.O-O Bb7 10.a3 Rc8 11.Rc1 Nh5 12.Bxe7 Qxe7 13.Nb1 1/2-1/2

[Event "EU-ch U20"]
[Site "Aviles"]
[Date "2000.08.18"]
[Round "3"]
[White "Dovliatov, Sanan"]
[Black "Dottling, Fabian"]
[Result "0-1"]
[WhiteElo "2360"]
[BlackElo "2473"]
[EventDate "2000.08.18"]
[PlyCount "72"]

1.e4 Nc6 2.Nf3 f5 3.exf5 d5 4.d4 Bxf5 5.Be2 e6 6.O-O Bd6 7.Bg5 Nf6 8.Nc3 
h6 9.Bh4 O-O 10.Bd3 Bg4 11.Be2 Qd7 12.Bg3 Nh5 13.Ne5 Bxe5 14.Bxe5 Bxe2 15.
Qxe2 Nf4 16.Qe3 Nxe5 17.Qxe5 Rf5 18.Qe3 e5 19.Ne2 Nxe2+ 20.Qxe2 exd4 21.
Rfe1 Raf8 22.f3 c5 23.Rad1 R5f6 24.Qe5 Qd6 25.Qxd6 Rxd6 26.Re7 Rf7 27.Rde1
Ra6 28.Re8+ Kh7 29.Rd8 Rxa2 30.Rxd5 b6 31.Rb1 a5 32.h4 a4 33.h5 Re7 34.Kf1
Re6 35.Rd7 a3 36.Ra7 Rxb2 0-1

[Event "EU-ch U20"]
[Site "Aviles"]
[Date "2000.08.18"]
[Round "3"]
[White "Colin, Vincent"]
[Black "De Vreugt, Dennis"]
[Result "1-0"]
[WhiteElo "2294"]
[BlackElo "2511"]
[EventDate "2000.08.18"]
[PlyCount "75"]

1.e4 e5 2.Nf3 Nc6 3.Bc4 Nf6 4.d3 Bc5 5.c3 d6 6.Bb3 h6 7.Nbd2 O-O 8.h3 Bb6 
9.Nc4 Ne7 10.g4 Nh7 11.g5 h5 12.Nh4 g6 13.f4 exf4 14.Bxf4 Be6 15.Nxb6 axb6
16.Bxe6 fxe6 17.O-O Kg7 18.Ng2 Nc6 19.h4 e5 20.Be3 Qd7 21.Kh2 Rxf1 22.Qxf1
Qg4 23.a3 Rf8 24.Qd1 Rf3 25.Kg1 Qh3 26.Qe2 Rg3 27.Re1 Nd8 28.Qf1 Ne6 29.
Bf2 Rxd3 30.Be3 Nf4 31.Bxf4 exf4 32.Qxf4 Rf3 33.Qd2 Nf8 34.e5 Rd3 35.Qf2 
dxe5 36.Qf6+ Kg8 37.Rf1 Qc8 38.Qf7+ 1-0

[Event "EU-ch U20"]
[Site "Aviles"]
[Date "2000.08.18"]
[Round "3"]
[White "Iliushin, Alexei"]
[Black "Gonzalez Menendez, Ivan"]
[Result "1-0"]
[WhiteElo "2509"]
[BlackElo "2242"]
[EventDate "2000.08.18"]
[PlyCount "109"]

1.d4 d5 2.c4 e6 3.Nf3 c6 4.Qc2 Nf6 5.Nbd2 Nbd7 6.g3 dxc4 7.Nxc4 c5 8.Bg2 
b5 9.Nfe5 Nd5 10.Ne3 Nxe5 11.Nxd5 exd5 12.dxe5 Bb7 13.O-O Qc7 14.Bf4 Qb6 
15.Rfd1 d4 16.Bxb7 Qxb7 17.e3 dxe3 18.Bxe3 Rc8 19.a4 Be7 20.axb5 O-O 21.
Qa4 Rfd8 22.Qc4 h6 23.e6 fxe6 24.Qxe6+ Kh8 25.Rxd8+ Rxd8 26.Re1 Qd7 27.
Bxh6 Qxe6 28.Rxe6 Bf6 29.Be3 Rb8 30.Bxc5 Rxb5 31.Bxa7 Rxb2 32.h4 Kh7 33.
Kg2 Ra2 34.Be3 Kg8 35.Re4 Kf7 36.Kf3 Ra5 37.Bd4 Ra3+ 38.Re3 Rxe3+ 39.Kxe3 
Bd8 40.h5 Be7 41.Ke4 Bb4 42.Kf5 Be1 43.g4 Bd2 44.g5 Bc1 45.g6+ Kg8 46.Be5 
Ba3 47.Ke6 Bc1 48.f4 Bd2 49.f5 Bg5 50.f6 gxf6 51.Bxf6 Bd2 52.Kf5 Bc1 53.
Bg5 Bb2 54.h6 Bc3 55.Bf6 1-0

[Event "EU-ch U20"]
[Site "Aviles"]
[Date "2000.08.18"]
[Round "3"]
[White "Perez Candelario, Manuel"]
[Black "Guseinov, Gadir"]
[Result "0-1"]
[WhiteElo "2300"]
[BlackElo "2421"]
[EventDate "2000.08.18"]
[PlyCount "86"]

1.e4 c5 2.Nf3 Nc6 3.d4 cxd4 4.Nxd4 g6 5.c4 Bg7 6.Be3 Nf6 7.Nc3 O-O 8.Be2 
b6 9.O-O Bb7 10.f3 e6 11.Nxc6 Bxc6 12.Qb3 Qe7 13.Rfd1 Rfd8 14.Rd2 d5 15.e5
Nh5 16.Rad1 Bxe5 17.cxd5 exd5 18.Nxd5 Qh4 19.g3 Nxg3 20.hxg3 Qxg3+ 21.Kf1 
Qh3+ 22.Ke1 Bg3+ 23.Bf2 Qh1+ 24.Bf1 Bxd5 25.Rxd5 Re8+ 26.Kd2 Qh2 27.Kc1 
Qxf2 28.Rd7 Qe3+ 29.Kb1 Qxb3 30.axb3 Re3 31.Bc4 Rf8 32.Bd5 a5 33.Rb7 Re2 
34.Bc4 Rf2 35.Rd3 Be5 36.Rxb6 Rxb2+ 37.Kc1 Rf2 38.Rb5 h5 39.Rxa5 h4 40.Rd4
Bg3 41.Rg4 Kg7 42.Bd5 f5 43.Rb4 h3 0-1

[Event "EU-ch U20"]
[Site "Aviles"]
[Date "2000.08.18"]
[Round "3"]
[White "Mateuta, Gabriel"]
[Black "Navarro Cia, Miguel"]
[Result "1/2-1/2"]
[WhiteElo "2409"]
[BlackElo "2307"]
[EventDate "2000.08.18"]
[PlyCount "95"]

1.c4 Nf6 2.Nc3 g6 3.Nf3 Bg7 4.d4 d5 5.Bf4 c5 6.dxc5 Qa5 7.Qa4+ Qxa4 8.Nxa4
Ne4 9.Nd2 Nxd2 10.Bxd2 dxc4 11.e3 Bd7 12.Bc3 O-O 13.Bxg7 Kxg7 14.Nc3 Bc6 
15.Bxc4 Nd7 16.f3 Nxc5 17.Ke2 Na4 18.Nxa4 Bxa4 19.Rhc1 Rfd8 20.b3 Bc6 21.
a4 a5 22.Rd1 Kf6 23.e4 Rac8 24.Rxd8 Rxd8 25.Ke3 e5 26.Rc1 Rd4 27.Bd3 Rd6 
28.Rc5 b6 29.Rc1 Ke7 30.h4 h6 31.g3 Kd8 32.f4 f6 33.Rf1 Ke7 34.Rc1 Kd8 35.
fxe5 fxe5 36.g4 Bd7 37.g5 hxg5 38.hxg5 Rc6 39.Bc4 Be6 40.Kd3 Rd6+ 41.Bd5 
Ke7 42.Rc7+ Rd7 43.Rxd7+ Bxd7 44.Kc4 Be8 45.Bb7 Kd6 46.Bd5 Ke7 47.Bb7 Kd6 
48.Bd5 1/2-1/2

[Event "EU-ch U20"]
[Site "Aviles"]
[Date "2000.08.18"]
[Round "3"]
[White "Navara, David"]
[Black "Poliakov, Dmitry"]
[Result "1-0"]
[WhiteElo "2433"]
[BlackElo "2262"]
[EventDate "2000.08.18"]
[PlyCount "81"]

1.e4 c5 2.Nf3 Nc6 3.d4 cxd4 4.Nxd4 Nf6 5.Nc3 e5 6.Ndb5 d6 7.Bg5 a6 8.Na3 
b5 9.Bxf6 gxf6 10.Nd5 f5 11.Bd3 Be6 12.Qh5 h6 13.c3 Rg8 14.g3 f4 15.Qe2 
fxg3 16.fxg3 Rb8 17.O-O Be7 18.Nc2 Bg4 19.Qf2 Be6 20.a4 h5 21.axb5 axb5 
22.Ra6 Qc8 23.Rb6 Bd8 24.Rxb8 Qxb8 25.Nce3 h4 26.g4 h3 27.Kh1 Qb7 28.Nf5 
Kd7 29.Qf3 Na5 30.b4 Nc4 31.Bxc4 bxc4 32.Rd1 Bxd5 33.Rxd5 Rg6 34.Qxh3 Qa6 
35.Qf1 Qa3 36.Qe1 Bc7 37.h3 Rg8 38.Qd2 Qa1+ 39.Kg2 Ra8 40.Rxd6+ Ke8 41.Qh6
1-0

[Event "EU-ch U20"]
[Site "Aviles"]
[Date "2000.08.18"]
[Round "3"]
[White "Sedlak, Nikola"]
[Black "Rigo, Zsolt"]
[Result "1-0"]
[WhiteElo "2423"]
[BlackElo "2224"]
[EventDate "2000.08.18"]
[PlyCount "49"]

1.e4 c5 2.Nf3 e6 3.d4 cxd4 4.Nxd4 a6 5.Nc3 Qc7 6.Be2 b5 7.O-O Bb7 8.Re1 
Nc6 9.Nxc6 dxc6 10.e5 Ne7 11.Bd3 Nd5 12.Nxd5 cxd5 13.a4 b4 14.a5 Bc5 15.
Qg4 O-O-O 16.Bg5 Rdg8 17.c3 bxc3 18.bxc3 h6 19.Be3 g5 20.Bxc5 Qxc5 21.Qe2 
Qc6 22.Rab1 Kc7 23.Rb6 Qc5 24.Reb1 Bc6 25.Qb2 1-0

[Event "EU-ch U20"]
[Site "Aviles"]
[Date "2000.08.18"]
[Round "3"]
[White "Fluvia Poyatos, Joan"]
[Black "Castaldo, Folco"]
[Result "1/2-1/2"]
[WhiteElo "2403"]
[BlackElo "2227"]
[EventDate "2000.08.18"]
[PlyCount "110"]

1.e4 e6 2.d4 d5 3.Nd2 Nf6 4.e5 Nfd7 5.Bd3 c5 6.c3 Nc6 7.Ne2 cxd4 8.cxd4 f6
9.exf6 Nxf6 10.O-O Bd6 11.Nf3 Qb6 12.Nc3 O-O 13.Be3 Bd7 14.a3 Be8 15.Ng5 
Ne7 16.g3 Bc7 17.Na4 Bxa4 18.Qxa4 h6 19.Nh3 Ng4 20.Rac1 Nf5 21.Bxf5 Rxf5 
22.Bf4 Bxf4 23.Nxf4 Qd6 24.Qb4 Qd8 25.Qxb7 Rxf4 26.gxf4 Nxh2 27.Rc7 Nf3+ 
28.Kg2 Nh4+ 29.Kh3 Nf5 30.Rxg7+ Nxg7 31.Rg1 Qf8 32.Rxg7+ Qxg7 33.Qxa8+ Kh7
34.Qc8 Qxd4 35.Qd7+ Qg7 36.Qxe6 Qxb2 37.Qd7+ Qg7 38.Qf5+ Kh8 39.Qxd5 Qc3+ 
40.Kg4 Qxa3 41.Qe5+ Kh7 42.Qf5+ Kg7 43.Qd7+ Kg8 44.Kh5 Qa6 45.Qe7 Qb6 46.
f5 Qxf2 47.Qe6+ Kf8 48.Qxh6+ Kf7 49.Qe6+ Kf8 50.Qf6+ Kg8 51.Qe6+ Kf8 52.
Qd6+ Kf7 53.Qd7+ Kf8 54.Qc8+ Kf7 55.Qc7+ Kf8 1/2-1/2

[Event "EU-ch U20"]
[Site "Aviles"]
[Date "2000.08.18"]
[Round "3"]
[White "Zenklusen, Rico"]
[Black "Karttunen, Mika"]
[Result "0-1"]
[WhiteElo "2221"]
[BlackElo "2399"]
[EventDate "2000.08.18"]
[PlyCount "64"]

1.e4 c6 2.d4 d5 3.Nc3 g6 4.h3 Bg7 5.Nf3 Nf6 6.Bd3 dxe4 7.Nxe4 Nxe4 8.Bxe4 
O-O 9.O-O Nd7 10.c3 c5 11.dxc5 Nxc5 12.Bc2 Qc7 13.Qe2 e5 14.b3 Ne6 15.Ba3 
Re8 16.c4 Nf4 17.Qe3 e4 18.Rad1 Nxg2 19.Kxg2 exf3+ 20.Qxf3 Qa5 21.Bd6 Bd7 
22.Qxb7 Rad8 23.Bc7 Qc5 24.Kg1 Bc6 25.Qa6 Rxd1 26.Rxd1 Bd4 27.Bg3 Re2 28.
b4 Bxf2+ 29.Kf1 Bg2+ 30.Kxg2 Bxg3+ 31.Kxg3 Qf2+ 32.Kg4 h5+ 0-1

[Event "EU-ch U20"]
[Site "Aviles"]
[Date "2000.08.18"]
[Round "3"]
[White "Moreno Tejera, Emilio"]
[Black "Izoria, Zviad"]
[Result "1/2-1/2"]
[WhiteElo "2139"]
[BlackElo "2450"]
[EventDate "2000.08.18"]
[PlyCount "34"]

1.e4 c6 2.d4 d5 3.e5 Bf5 4.Nf3 e6 5.Be2 Be7 6.O-O h6 7.b3 c5 8.c4 dxc4 9.
Bxc4 Nc6 10.dxc5 Bg6 11.Bb5 Bxc5 12.Bxc6+ bxc6 13.Ba3 Qxd1 14.Rxd1 Bxb1 
15.Bxc5 Be4 16.Nd2 Bd5 17.Nc4 Bxc4 1/2-1/2

[Event "EU-ch U20"]
[Site "Aviles"]
[Date "2000.08.18"]
[Round "3"]
[White "Andres Gonzalez, Ivan"]
[Black "Bekker-Jensen, Simon"]
[Result "1/2-1/2"]
[WhiteElo "2176"]
[BlackElo "2388"]
[EventDate "2000.08.18"]
[PlyCount "35"]

1.e4 c5 2.Nf3 d6 3.d4 Nf6 4.Nc3 cxd4 5.Nxd4 a6 6.Bg5 e6 7.f4 Nc6 8.Nxc6 
bxc6 9.Bd3 h6 10.Bh4 Be7 11.O-O O-O 12.Kh1 Nxe4 13.Nxe4 Bxh4 14.Nxd6 Be7 
15.Nc4 Bb7 16.Qe2 Qc7 17.Ne5 Bf6 18.Rad1 1/2-1/2